[Event "Las Palmas"]
[Site "?"]
[Date "1996.??.??"]
[Round "?"]
[White "Anand, V."]
[Black "Kramnik, Vladimir"]
[Result "1/2-1/2"]
[WhiteElo "2735"]
[BlackElo "2765"]
[PlyCount "40"]
[EventDate "1996.??.??"]
[Source "ChessBase"]
[SourceDate "1996.10.01"]

1. e4 c5 2. Nf3 d6 3. d4 cxd4 4. Nxd4 Nf6 5. Nc3 Nc6 6. Bg5 e6 7. Qd2 Be7 8. O-O-O O-O 9. f4 Nxd4 10. Qxd4 Qa5 11. Bc4 Bd7 12. Rd3 Rad8 13. e5 dxe5 14. Qxe5 Qb4 15. Rg3 Kh8 16. Bd3 Bc6 17. Rh3 Rfe8 18. Qe2 h6 19. Rf1 Kg8 20. Bh4 Nd5 1/2-1/2

[Event "Linares"]
[Site "?"]
[Date "1997.??.??"]
[Round "?"]
[White "Ivanchuk, V."]
[Black "Kramnik, Vladimir"]
[Result "0-1"]
[WhiteElo "2740"]
[BlackElo "2740"]
[PlyCount "84"]
[EventDate "1997.??.??"]
[Source "ChessBase"]
[SourceDate "1997.02.01"]

1. e4 c5 2. Nf3 d6 3. d4 cxd4 4. Nxd4 Nf6 5. Nc3 Nc6 6. Bg5 e6 7. Qd2 Be7 8. O-O-O Nxd4 9. Qxd4 O-O 10. f4 Qa5 11. Bb5 Rd8 12. e5 dxe5 13. Qxe5 h6 14. Bh4 Ng4 15. Qh5 Nf6 16. Qe5 Ng4 17. Rxd8+ Qxd8 18. Bxe7 Qxe7 19. Qe2 Nf6 20. Rd1 a6 21. Bd3 b5 22. g4 Bb7 23. g5 hxg5 24. fxg5 Nd7 25. Qh5 Nf8 26. h4 Qb4 27. Rf1 g6 28. Qh6 Qg4 29. Be2 Qh3 30. h5 Bg2 31. Rd1 b4 32. Rd3 Qf5 33. Nd1 Be4 34. Rd2 Qf4 35. hxg6 Nxg6 36. Qh3 Qxg5 37. Qe3 Qxe3 38. Nxe3 a5 39. Rd4 f5 40. Bc4 Nf4 41. Ng4 Kg7 42. Nf2 Kf6 0-1

[Event "Monaco 71/(207)"]
[Site "?"]
[Date "1997.??.??"]
[Round "?"]
[White "Shirov, Alexei"]
[Black "Anand, Viswanathan"]
[Result "1/2-1/2"]
[WhiteElo "2690"]
[BlackElo "2765"]
[PlyCount "48"]
[EventDate "1997.??.??"]
[Source "ChessBase"]
[SourceDate "1997.10.01"]

1. e4 c5 2. Nf3 d6 3. d4 cxd4 4. Nxd4 Nf6 5. Nc3 Nc6 6. Bg5 e6 7. Qd2 Be7 8. O-O-O O-O 9. f4 Nxd4 10. Qxd4 Qa5 11. Kb1 h6 12. h4 Rd8 13. Bd3 Bd7 14. e5 dxe5 15. fxe5 Bc6 16. Qf4 Nh5 17. Qg4 Rxd3 18. Rxd3 hxg5 19. Qxh5 gxh4 20. Rd4 g6 21. Rg4 Qc5 22. Rf1 Bf6 23. Rxg6+ fxg6 24. Qxg6+ Bg7 1/2-1/2

[Event "Groningen NED"]
[Site "Groningen NED"]
[Date "1994.??.??"]
[Round "6"]
[White "Kamsky, Gata"]
[Black "Kramnik, Vladimir"]
[Result "1/2-1/2"]
[WhiteElo "2695"]
[BlackElo "2710"]
[PlyCount "28"]
[EventDate "1994.??.??"]
[Source "www.chesslib.no"]
[SourceDate "2004.05.04"]

1. e4 c5 2. Nf3 d6 3. d4 cxd4 4. Nxd4 Nf6 5. Nc3 Nc6 6. Bg5 e6 7. Qd2 Be7 8. O-O-O O-O 9. f4 Nxd4 10. Qxd4 Qa5 11. Bb5 h6 12. Bh4 Rd8 13. e5 dxe5 14. Qxe5 Ng4 1/2-1/2

[Event "Groningen"]
[Site "?"]
[Date "1993.??.??"]
[Round "?"]
[White "Shirov, A."]
[Black "Kramnik, Vladimir"]
[Result "1/2-1/2"]
[WhiteElo "2685"]
[BlackElo "2710"]
[PlyCount "47"]
[EventDate "1993.??.??"]
[Source "ChessBase"]
[SourceDate "1993.10.01"]

1. e4 c5 2. Nf3 Nc6 3. d4 cxd4 4. Nxd4 Nf6 5. Nc3 d6 6. Bg5 e6 7. Qd2 Be7 8. O-O-O O-O 9. f4 Nxd4 10. Qxd4 Qa5 11. Bc4 Bd7 12. Rd3 Rad8 13. Rg3 Kh8 14. Rf1 h6 15. e5 dxe5 16. fxe5 Be8 17. Qf4 Nh5 18. Bxh6 Nxf4 19. Bxg7+ Kh7 20. Rxf4 Rg8 21. Rfg4 Rxg7 22. Rxg7+ Kh6 23. Rg8 Kh7 24. R8g7+ 1/2-1/2

[Event "Ljubljana"]
[Site "?"]
[Date "1995.??.??"]
[Round "?"]
[White "Almasi, Z."]
[Black "Kramnik, Vladimir"]
[Result "1/2-1/2"]
[WhiteElo "2645"]
[BlackElo "2730"]
[PlyCount "83"]
[EventDate "1995.??.??"]
[Source "ChessBase"]
[SourceDate "1995.10.01"]

1. e4 c5 2. Nf3 Nc6 3. d4 cxd4 4. Nxd4 Nf6 5. Nc3 d6 6. Bg5 e6 7. Qd2 Be7 8. O-O-O O-O 9. f4 Nxd4 10. Qxd4 Qa5 11. Bc4 Bd7 12. e5 dxe5 13. fxe5 Bc6 14. Bd2 Nd7 15. Nd5 Qc5 16. Nxe7+ Qxe7 17. Rhe1 Rfd8 18. Qg4 Nf8 19. Bd3 Rxd3 20. cxd3 Qd7 21. Bb4 Qd5 22. Bxf8 Rxf8 23. Kb1 Qxg2 24. Qxg2 Bxg2 25. Rg1 Bc6 26. Kc2 f5 27. exf6 Rxf6 28. Rdf1 Rh6 29. Rf2 Rh4 30. Kc3 Bd5 31. a3 h6 32. b4 a6 33. a4 g5 34. Rgf1 g4 35. Rg1 Kh7 36. Rg3 Bf3 37. Kd4 Rh5 38. h3 Rd5+ 39. Ke3 Re5+ 40. Kd2 h5 41. hxg4 hxg4 42. Rfxf3 1/2-1/2

[Event "olm"]
[Site "Moscow olm"]
[Date "1994.??.??"]
[Round "13"]
[White "Adams, Michael"]
[Black "Kramnik, Vladimir"]
[Result "1/2-1/2"]
[WhiteElo "2660"]
[BlackElo "2710"]
[PlyCount "61"]
[EventDate "1994.??.??"]
[Source "www.chesslib.no"]
[SourceDate "2004.05.04"]

1. e4 c5 2. Nc3 Nc6 3. Nf3 d6 4. d4 cxd4 5. Nxd4 Nf6 6. Bg5 e6 7. Qd2 Be7 8. O-O-O Nxd4 9. Qxd4 O-O 10. f4 Qa5 11. Bc4 Bd7 12. e5 dxe5 13. fxe5 Bc6 14. Bd2 Nd7 15. Nd5 Qc5 16. Nxe7+ Qxe7 17. Rhe1 Rfd8 18. Qg4 Nf8 19. Bd3 Rxd3 20. cxd3 Qd7 21. Bb4 Qd5 22. Bxf8 Rxf8 23. Kc2 f5 24. exf6 Rxf6 25. Rf1 Rh6 26. Rf2 Rh3 27. Kc3 h6 28. b3 g5 29. Rf6 Rxh2 30. Rxh6 Rxg2 31. Rg6+ 1/2-1/2

[Event "Linares"]
[Site "?"]
[Date "1994.??.??"]
[Round "?"]
[White "Anand, V."]
[Black "Beliavsky, A."]
[Result "1-0"]
[WhiteElo "2715"]
[BlackElo "2650"]
[PlyCount "77"]
[EventDate "1994.??.??"]
[Source "ChessBase"]
[SourceDate "1994.02.01"]

1. e4 c5 2. Nf3 d6 3. d4 cxd4 4. Nxd4 Nf6 5. Nc3 Nc6 6. Bg5 e6 7. Qd2 Be7 8. O-O-O O-O 9. f4 Nxd4 10. Qxd4 Qa5 11. Bc4 Bd7 12. e5 dxe5 13. fxe5 Bc6 14. Bd2 Nd7 15. Nd5 Qd8 16. Nxe7+ Qxe7 17. Rhe1 Rfc8 18. Bf1 a6 19. Bb4 Qd8 20. Kb1 b5 21. Qf4 Bd5 22. Bd3 Nc5 23. Bxc5 Rxc5 24. Re3 f5 25. exf6 Qxf6 26. Qb4 Rac8 27. b3 R5c7 28. Rf1 Qe7 29. Qf4 g6 30. Qg3 Qg7 31. h4 Kh8 32. Re2 Rf7 33. Rxf7 Qxf7 34. Rf2 Qc7 35. Qg5 Qc3 36. Rf1 Qg7 37. h5 gxh5 38. Qxh5 h6 39. Rf7 1-0

[Event "Groningen"]
[Site "?"]
[Date "1993.??.??"]
[Round "?"]
[White "Kamsky, G."]
[Black "Kramnik, Vladimir"]
[Result "1/2-1/2"]
[WhiteElo "2645"]
[BlackElo "2710"]
[PlyCount "92"]
[EventDate "1993.??.??"]
[Source "ChessBase"]
[SourceDate "1993.10.01"]

1. e4 c5 2. Nf3 Nc6 3. d4 cxd4 4. Nxd4 Nf6 5. Nc3 d6 6. Bg5 e6 7. Qd2 Be7 8. O-O-O O-O 9. f4 Nxd4 10. Qxd4 Qa5 11. Bb5 h6 12. Bh4 Rd8 13. e5 dxe5 14. Qxe5 Ng4 15. Rxd8+ Qxd8 16. Bxe7 Qxe7 17. Qd4 b6 18. Be2 Nf6 19. Rd1 Bb7 20. g3 Rc8 21. Qd6 Qxd6 22. Rxd6 Kf8 23. Nb5 Ke7 24. Rd1 Ra8 25. c4 Bc6 26. Nd4 Bd7 27. Kd2 g5 28. Bf3 Rc8 29. b3 Ne8 30. Re1 Kf6 31. Kd3 Nd6 32. Rc1 a5 33. a3 gxf4 34. gxf4 Nf5 35. b4 axb4 36. axb4 e5 37. fxe5+ Kxe5 38. Re1+ Kd6 39. Bd5 Nxd4 40. Kxd4 Be6 41. Re5 Rg8 42. c5+ bxc5+ 43. bxc5+ Ke7 44. Bxe6 fxe6 45. Kc4 Kd7 46. Re3 Rg2 1/2-1/2

[Event "Wijk aan Zee 71/207"]
[Site "?"]
[Date "1998.??.??"]
[Round "?"]
[White "Nijboer, Friso"]
[Black "Anand, Viswanathan"]
[Result "0-1"]
[WhiteElo "2580"]
[BlackElo "2770"]
[PlyCount "72"]
[EventDate "1998.??.??"]
[Source "ChessBase"]
[SourceDate "1997.10.01"]

1. e4 c5 2. Nf3 d6 3. d4 cxd4 4. Nxd4 Nf6 5. Nc3 Nc6 6. Bg5 e6 7. Qd2 Be7 8. O-O-O O-O 9. f4 Nxd4 10. Qxd4 Qa5 11. Kb1 h6 12. h4 Rd8 13. Be2 Bd7 14. Qe3 Rac8 15. e5 dxe5 16. fxe5 hxg5 17. hxg5 Rxc3 18. Bd3 Rxd3 19. cxd3 Ng4 20. Qh3 Nh6 21. gxh6 Qxe5 22. Rde1 Qg5 23. hxg7 Qxg7 24. Re3 Bg5 25. Rg3 f6 26. Qg4 Kf7 27. Qd4 Qg8 28. Qe4 Bc6 29. Rh7+ Ke8 30. Qh4 Qg6 31. Qh3 Rd6 32. a3 Kd8 33. Ka1 Qf5 34. Qh1 Bd7 35. d4 Rc6 36. Qh2 e5 0-1

[Event "Novgorod"]
[Site "?"]
[Date "1995.??.??"]
[Round "?"]
[White "Topalov, V."]
[Black "Kramnik, Vladimir"]
[Result "1/2-1/2"]
[WhiteElo "2630"]
[BlackElo "2715"]
[PlyCount "72"]
[EventDate "1995.??.??"]
[Source "ChessBase"]
[SourceDate "1995.02.01"]

1. e4 c5 2. Nf3 Nc6 3. d4 cxd4 4. Nxd4 Nf6 5. Nc3 d6 6. Bg5 e6 7. Qd2 Be7 8. O-O-O Nxd4 9. Qxd4 O-O 10. f4 Qa5 11. Bc4 Bd7 12. Bb3 Bc6 13. h4 h6 14. Kb1 Qc5 15. Qd3 b5 16. a3 a5 17. f5 b4 18. Bxf6 Bxf6 19. Qxd6 Qxd6 20. Rxd6 bxc3 21. Rxc6 a4 22. Bc4 exf5 23. exf5 Rfb8 24. b4 axb3 25. Bxb3 Rxa3 26. Rh3 Rba8 27. Rhxc3 Ra1+ 28. Kb2 Bxc3+ 29. Rxc3 Rf1 30. g4 Rg1 31. Rc4 Rb8 32. Kc3 Kh7 33. Rd4 Rb7 34. h5 Rf1 35. Bc4 Rf3+ 36. Bd3 Rb8 1/2-1/2

[Event "Groningen PCA"]
[Site "Groningen"]
[Date "1993.??.??"]
[Round "10"]
[White "Dolmatov, Sergey"]
[Black "Kramnik, Vladimir"]
[Result "1/2-1/2"]
[WhiteElo "2630"]
[BlackElo "2710"]
[PlyCount "29"]
[EventDate "1993.12.??"]
[Source "ChessBase"]

1. e4 c5 2. Nf3 Nc6 3. d4 cxd4 4. Nxd4 Nf6 5. Nc3 d6 6. Bg5 e6 7. Qd2 Be7 8. O-O-O O-O 9. f4 Nxd4 10. Qxd4 Qa5 11. Bc4 Bd7 12. e5 dxe5 13. fxe5 Bc6 14. Bd2 Nd7 15. Nd5 1/2-1/2

[Event "It (Open) Canada De Calatrava ESP"]
[Site "?"]
[Date "2006.04.16"]
[Round "7"]
[White "Shirov Alexei"]
[Black "Damljanovic Branko"]
[Result "1-0"]
[WhiteElo "2699"]
[BlackElo "2615"]
[PlyCount "65"]
[EventDate "2006.??.??"]
[Source "www.chesslib.no"]
[SourceDate "2004.05.04"]

1. e4 c5 2. Nf3 d6 3. d4 cxd4 4. Nxd4 Nf6 5. Nc3 e6 6. Bg5 Nc6 7. Qd2 Be7 8. O-O-O Nxd4 9. Qxd4 O-O 10. f4 Qa5 11. Kb1 h6 12. h4 Rd8 13. Bd3 e5 14. Qe3 Bg4 15. Rdf1 exf4 16. Qxf4 Be6 17. Nd5 Nxd5 18. exd5 Bxg5 19. hxg5 Qxd5 20. gxh6 Qxa2+ 21. Kc1 Qa1+ 22. Kd2 Qa5+ 23. c3 Qe5 24. Bh7+ Kf8 25. hxg7+ Qxg7 26. Bf5 Ke7 27. Rh7 Qxg2+ 28. Kc1 Rf8 29. Bxe6 Kxe6 30. Qf5+ Ke7 31. Rxf7+ Rxf7 32. Qxf7+ Kd8 33. Re1 1-0

[Event "Dos Hermanas"]
[Site "?"]
[Date "1995.??.??"]
[Round "?"]
[White "Illescas Cordoba, M."]
[Black "Shirov, A."]
[Result "1/2-1/2"]
[WhiteElo "2595"]
[BlackElo "2710"]
[PlyCount "45"]
[EventDate "1995.??.??"]
[Source "ChessBase"]
[SourceDate "1995.02.01"]

1. e4 c5 2. Nf3 Nc6 3. d4 cxd4 4. Nxd4 Nf6 5. Nc3 d6 6. Bg5 e6 7. Qd2 Be7 8. O-O-O Nxd4 9. Qxd4 O-O 10. f4 Qa5 11. Kb1 Rd8 12. Bc4 Bd7 13. Bb3 Bc6 14. f5 exf5 15. Rhf1 Bxe4 16. Nxe4 fxe4 17. Bxf6 Bxf6 18. Rxf6 gxf6 19. Bd5 e3 20. Qxf6 Rf8 21. Qg5+ Kh8 22. Qf6+ Kg8 23. Qg5+ 1/2-1/2

[Event "Beograd"]
[Site "?"]
[Date "1993.??.??"]
[Round "?"]
[White "Kotronias, V."]
[Black "Kramnik, Vladimir"]
[Result "1/2-1/2"]
[WhiteElo "2590"]
[BlackElo "2710"]
[PlyCount "56"]
[EventDate "1993.??.??"]
[Source "ChessBase"]
[SourceDate "1993.10.01"]

1. e4 c5 2. Nf3 Nc6 3. d4 cxd4 4. Nxd4 Nf6 5. Nc3 d6 6. Bg5 e6 7. Qd2 Be7 8. O-O-O O-O 9. f4 Nxd4 10. Qxd4 Qa5 11. Bc4 Bd7 12. Rd3 Rad8 13. Rg3 Kh8 14. e5 dxe5 15. fxe5 Bc6 16. Qe3 Ng8 17. Bd3 h6 18. h4 b5 19. Kb1 b4 20. Ne2 Rd5 21. Qe4 Rxd3 22. Qxd3 Qxe5 23. Bxe7 Nxe7 24. Qd4 Qxd4 25. Nxd4 Be4 26. Re1 Bg6 27. Rge3 Rc8 28. R3e2 Nd5 1/2-1/2

[Event "Manila (ol)"]
[Site "?"]
[Date "1992.??.??"]
[Round "?"]
[White "Anand, V."]
[Black "Lobron, E."]
[Result "1/2-1/2"]
[WhiteElo "2670"]
[BlackElo "2575"]
[PlyCount "104"]
[EventDate "1992.??.??"]
[Source "ChessBase"]
[SourceDate "1992.06.01"]

1. e4 c5 2. Nf3 d6 3. d4 cxd4 4. Nxd4 Nf6 5. Nc3 Nc6 6. Bg5 e6 7. Qd2 Be7 8. O-O-O O-O 9. f4 Nxd4 10. Qxd4 Qa5 11. Bc4 Bd7 12. e5 dxe5 13. fxe5 Bc6 14. Bd2 Nd7 15. Nd5 Qd8 16. Nxe7+ Qxe7 17. Rhe1 Rfd8 18. Qg4 Nf8 19. Bd3 Rxd3 20. cxd3 Ng6 21. Kb1 Qd8 22. Bc3 a5 23. g3 Ne7 24. Bd4 Qd5 25. Bg1 a4 26. Qb4 Qd8 27. Bb6 Qd7 28. Bc5 Nd5 29. Qd4 Qd8 30. Rf1 Qg5 31. Rf2 Rd8 32. Ka1 h6 33. Re1 Bb5 34. Ref1 Be8 35. Rc2 Rc8 36. Rg1 Qg6 37. Rcc1 Bb5 38. Rgd1 Rc6 39. Qe4 Qh5 40. Rf1 Qxh2 41. Qf3 Rc7 42. Bd6 Rxc1+ 43. Rxc1 Qd2 44. Rf1 Qxd3 45. Qxf7+ Kh7 46. Rc1 Qe3 47. Rd1 Qe2 48. Rc1 Qe3 49. Rd1 Qe2 50. Rc1 Qd2 51. Rg1 Qd4 52. Rc1 Qd2 1/2-1/2

[Event "BL 0607 SF Berlin - SC Eppingen"]
[Site "Germania"]
[Date "2007.04.01"]
[Round "15.1"]
[White "Balogh, Csaba"]
[Black "Miroshnichenko, Evgenij"]
[Result "1-0"]
[WhiteElo "2616"]
[BlackElo "2626"]
[PlyCount "55"]
[EventDate "2006.10.28"]
[Source "www.chesslib.no"]
[SourceDate "2004.05.04"]

1. e4 c5 2. Nf3 d6 3. d4 cxd4 4. Nxd4 Nf6 5. Nc3 Nc6 6. Bg5 e6 7. Qd2 Be7 8. O-O-O Nxd4 9. Qxd4 O-O 10. f4 Qa5 11. Bc4 Bd7 12. e5 dxe5 13. Qxe5 Qb4 14. Rd4 Bc5 15. Rhd1 Bxd4 16. Rxd4 Bc6 17. Bb5 Ng4 18. Rxb4 Nxe5 19. fxe5 Bxg2 20. Ne4 Rfc8 21. Bd3 Rc7 22. Rd4 Bf3 23. Bd8 Rcc8 24. Bh4 h6 25. Rd7 g5 26. Bf2 b6 27. Nd6 Rf8 28. b4 1-0

[Event "It (Open) Dubai UAE"]
[Site "?"]
[Date "2006.04.28"]
[Round "6"]
[White "Sadvakasov Darmen"]
[Black "Miroshnichenko Evgenij"]
[Result "1-0"]
[WhiteElo "2619"]
[BlackElo "2608"]
[PlyCount "95"]
[EventDate "2006.??.??"]
[Source "www.chesslib.no"]
[SourceDate "2004.05.04"]

1. e4 c5 2. Nf3 d6 3. d4 Nf6 4. Nc3 cxd4 5. Nxd4 Nc6 6. Bg5 e6 7. Qd2 Be7 8. O-O-O Nxd4 9. Qxd4 O-O 10. f4 Qa5 11. e5 dxe5 12. Qxe5 Qxe5 13. fxe5 Nd5 14. Bxe7 Nxe7 15. Bd3 b6 16. Be4 Rb8 17. Rhe1 Bb7 18. Nb5 Bxe4 19. Rxe4 Nc6 20. Rd6 Rfc8 21. Rc4 Nxe5 22. Rxc8+ Rxc8 23. Nxa7 Rb8 24. Nc6 Nxc6 25. Rxc6 g5 26. a4 Kg7 27. c4 Kf6 28. Kc2 Ke5 29. b4 f5 30. Kb3 f4 31. c5 bxc5 32. Rxc5+ Kd4 33. Rxg5 e5 34. a5 e4 35. Rf5 f3 36. gxf3 e3 37. Rf4+ Kd3 38. Re4 e2 39. Re7 Kd2 40. Ka4 Rf8 41. a6 Rf7 42. Re6 Rf6 43. Rxe2+ Kxe2 44. b5 Rf4+ 45. Ka5 Rxf3 46. b6 Rf5+ 47. Kb4 Rf6 48. b7 1-0

[Event "Wijk aan Zee (open)"]
[Site "?"]
[Date "1995.??.??"]
[Round "?"]
[White "Piket, Je"]
[Black "Leko, P."]
[Result "1/2-1/2"]
[WhiteElo "2670"]
[BlackElo "2555"]
[PlyCount "57"]
[EventDate "1995.??.??"]
[Source "ChessBase"]
[SourceDate "1994.10.01"]

1. e4 c5 2. Nf3 d6 3. d4 cxd4 4. Nxd4 Nf6 5. Nc3 Nc6 6. Bg5 e6 7. Qd2 Be7 8. O-O-O O-O 9. f4 Nxd4 10. Qxd4 Qa5 11. Bc4 Bd7 12. e5 dxe5 13. fxe5 Bc6 14. Bd2 Nd7 15. Nd5 Qd8 16. Nxe7+ Qxe7 17. Rhe1 Rfd8 18. Bf1 Nf8 19. Qe3 Qh4 20. h3 Ng6 21. c4 Rd4 22. g4 Re4 23. Qc3 Rxe1 24. Rxe1 Qf2 25. Qe3 Qh2 26. Qe2 Qg3 27. Qe3 Qh2 28. Qe2 Qg3 29. Qe3 1/2-1/2

[Event "Beograd"]
[Site "?"]
[Date "1993.??.??"]
[Round "?"]
[White "Beliavsky, A."]
[Black "Kotronias, V."]
[Result "1-0"]
[WhiteElo "2635"]
[BlackElo "2590"]
[PlyCount "105"]
[EventDate "1993.??.??"]
[Source "ChessBase"]
[SourceDate "1993.10.01"]

1. e4 c5 2. Nf3 Nc6 3. d4 cxd4 4. Nxd4 Nf6 5. Nc3 d6 6. Bg5 e6 7. Qd2 Be7 8. O-O-O O-O 9. f4 Nxd4 10. Qxd4 Qa5 11. Bc4 Bd7 12. Bxf6 Bxf6 13. e5 Be7 14. exd6 Bf6 15. Qd3 Bxc3 16. Qxc3 Qxc3 17. bxc3 Rac8 18. Bb3 Rxc3 19. f5 Re3 20. Rhe1 Rxe1 21. Rxe1 Re8 22. fxe6 fxe6 23. Kd2 g6 24. c4 b6 25. c5 Kg7 26. Rc1 bxc5 27. Rxc5 Kf6 28. Ke3 Rd8 29. Ra5 Bc6 30. g4 h6 31. Rxa7 Rxd6 32. Ra6 Ke5 33. a4 Bd7 34. Rxd6 Kxd6 35. a5 Kc5 36. a6 Kb6 37. Bc4 e5 38. g5 hxg5 39. Ke4 g4 40. Kxe5 Bc6 41. Bd3 Bf3 42. Kf6 Bd1 43. Kxg6 Ka7 44. Kg5 Kb6 45. Kf4 Ka7 46. Bf5 g3 47. Kxg3 Kxa6 48. Bg4 Bc2 49. Kf4 Kb6 50. Kg5 Kc7 51. h4 Kd8 52. Kf6 Ke8 53. Kg7 1-0

[Event "TCh-AUT 1st Bundesliga 2007-8"]
[Site "Graz AUT"]
[Date "2008.03.15"]
[Round "10"]
[White "Balogh, C."]
[Black "Baklan, V."]
[Result "1-0"]
[WhiteElo "2575"]
[BlackElo "2647"]
[PlyCount "73"]
[EventDate "2008.03.14"]
[Source "www.chesslib.no"]
[SourceDate "2004.05.04"]

1. e4 c5 2. Nf3 d6 3. d4 cxd4 4. Nxd4 Nf6 5. Nc3 Nc6 6. Bg5 e6 7. Qd2 Be7 8. O-O-O Nxd4 9. Qxd4 O-O 10. f4 Qa5 11. e5 dxe5 12. Qxe5 Qxe5 13. fxe5 Nd5 14. Bxe7 Nxe7 15. Bd3 b6 16. Be4 Rb8 17. Rhe1 Ng6 18. Bxg6 hxg6 19. Rd6 Rb7 20. Red1 Re7 21. g3 f6 22. Rd8 Ref7 23. Rxf8+ Rxf8 24. Nb5 fxe5 25. Nxa7 Bb7 26. Rd6 Bd5 27. Nc6 Rf1+ 28. Kd2 Rf2+ 29. Kc3 Be4 30. Nb4 Rxh2 31. Rxb6 Bf5 32. a4 e4 33. a5 e3 34. a6 e2 35. Kd2 Bg4 36. a7 Bf3 37. a8=Q+ 1-0

[Event "otb"]
[Site "otb"]
[Date "2007.04.23"]
[Round "6"]
[White "Cheparinov Ivan"]
[Black "Kotrotsos Vasilios"]
[Result "1-0"]
[WhiteElo "2646"]
[BlackElo "2570"]
[PlyCount "83"]
[Source "www.chesslib.no"]
[SourceDate "2004.05.04"]

1. e4 c5 2. Nf3 Nc6 3. d4 cxd4 4. Nxd4 Nf6 5. Nc3 d6 6. Bg5 e6 7. Qd2 Be7 8. O-O-O O-O 9. f4 Nxd4 10. Qxd4 Qa5 11. e5 dxe5 12. Qxe5 b5 13. Rd3 Ng4 14. Qe4 f6 15. Rh3 g6 16. Qxa8 fxg5 17. Bxb5 Nf2 18. Nd5 exd5 19. Qxd5+ Kh8 20. fxg5 Qb4 21. Qe5+ Kg8 22. Rc3 Ng4 23. Qd5+ Kg7 24. Rc4 Qd6 25. Qxd6 Bxd6 26. Ra4 Bc5 27. Rf1 Bf5 28. Rc4 Be3+ 29. Kb1 Bxg5 30. Rc7+ Kh8 31. Bd3 Nxh2 32. Rh1 Bxd3 33. cxd3 h5 34. Rxa7 Nf1 35. a4 Rf4 36. a5 Nd2+ 37. Kc2 Rf2 38. a6 Be3 39. Ra8+ Kg7 40. a7 Nc4+ 41. Kb3 Nb6 42. Rb8 1-0

[Event "Greece"]
[Site "?"]
[Date "2004.??.??"]
[Round "?"]
[White "Berkes, F."]
[Black "Kotronias, V."]
[Result "1-0"]
[WhiteElo "2610"]
[BlackElo "2605"]
[PlyCount "83"]
[EventDate "2004.??.??"]
[Source "Chess Informant"]
[SourceDate "2004.06.01"]

1. e4 c5 2. Nf3 d6 3. d4 cxd4 4. Nxd4 Nf6 5. Nc3 Nc6 6. Bg5 e6 7. Qd2 Be7 8. O-O-O O-O 9. f4 Nxd4 10. Qxd4 Qa5 11. Bc4 Bd7 12. e5 dxe5 13. fxe5 Bc6 14. Bd2 Nd7 15. Nd5 Qd8 16. Nxe7+ Qxe7 17. Rhe1 Rfc8 18. Qg4 Nf8 19. Bd3 Ng6 20. Bb4 Qh4 21. Qxh4 Nxh4 22. g3 a5 23. Ba3 Nf3 24. Re2 h5 25. Rf1 b6 26. h3 Ra7 27. Re3 Nd4 28. b3 Rd7 29. Rf4 Rcd8 30. Bd6 Nb5 31. Bxb5 Bxb5 32. Rh4 g6 33. g4 f5 34. gxh5 g5 35. Rg3 Rg7 36. h6 Rdd7 37. Rh5 f4 38. Rc3 Rgf7 39. h7+ Rxh7 40. Rc8+ Kg7 41. Rxg5+ Kh6 42. h4 1-0

[Event "It (Open) Dubai UAE"]
[Site "?"]
[Date "2006.04.27"]
[Round "5"]
[White "Miroshnichenko Evgenij"]
[Black "Kacheishvili Giorgi"]
[Result "1/2-1/2"]
[WhiteElo "2608"]
[BlackElo "2605"]
[PlyCount "47"]
[EventDate "2006.??.??"]
[Source "www.chesslib.no"]
[SourceDate "2004.05.04"]

1. e4 c5 2. Nf3 d6 3. d4 cxd4 4. Nxd4 Nf6 5. Nc3 Nc6 6. Bg5 e6 7. Qd2 Be7 8. O-O-O Nxd4 9. Qxd4 O-O 10. f4 Qa5 11. Bc4 Bd7 12. e5 dxe5 13. fxe5 Bc6 14. Bd2 Nd7 15. Nd5 Qc5 16. Nxe7+ Qxe7 17. Rhe1 Rfd8 18. Qg4 Nf8 19. Bd3 Rd5 20. Bb4 Qd8 21. Qg3 Ng6 22. c4 Rd7 23. Bd6 Qh4 24. Rd2 1/2-1/2

[Event "76th ch-UKR Final"]
[Site "Kharkiv UKR"]
[Date "2007.11.22"]
[Round "6"]
[White "Zubov, A UKR."]
[Black "Miroshnichenko, E."]
[Result "1/2-1/2"]
[WhiteElo "2556"]
[BlackElo "2651"]
[PlyCount "35"]
[EventDate "2007.11.17"]
[Source "www.chesslib.no"]
[SourceDate "2004.05.04"]

1. e4 c5 2. Nf3 d6 3. d4 cxd4 4. Nxd4 Nf6 5. Nc3 Nc6 6. Bg5 e6 7. Qd2 Be7 8. O-O-O Nxd4 9. Qxd4 O-O 10. f4 Qa5 11. Bc4 Bd7 12. e5 dxe5 13. Qxe5 Qb6 14. f5 Ng4 15. Qf4 Bxg5 16. Qxg5 Nf6 17. fxe6 Bxe6 18. Bxe6 1/2-1/2

[Event "Belgrade Invest"]
[Site "Belgrade"]
[Date "1995.??.??"]
[Round "7"]
[White "Ljubojevic, Ljubomir"]
[Black "Leko, Peter"]
[Result "1/2-1/2"]
[WhiteElo "2600"]
[BlackElo "2605"]
[PlyCount "76"]
[EventDate "1995.11.??"]
[Source "ChessBase"]

1. e4 c5 2. Nf3 d6 3. Nc3 Nc6 4. d4 cxd4 5. Nxd4 Nf6 6. Bg5 e6 7. Qd2 Be7 8. O-O-O Nxd4 9. Qxd4 O-O 10. f4 Qa5 11. Bc4 Bd7 12. e5 dxe5 13. fxe5 Bc6 14. Bd2 Nd7 15. Nd5 Qd8 16. Nxe7+ Qxe7 17. Rhe1 Rfd8 18. Qg4 Nf8 19. Bd3 Rxd3 20. cxd3 Qd7 21. b3 a5 22. Bc3 Ng6 23. Re2 Ne7 24. Qd4 Nd5 25. Rc2 a4 26. Kb1 Qe7 27. b4 Rd8 28. Be1 h6 29. h4 Nc7 30. Qc5 Qe8 31. a3 Nb5 32. Kb2 Rd5 33. Qe3 Nd4 34. Rc4 Qd8 35. g4 Bb5 36. Rc3 Nc6 37. Bg3 Rd4 38. Rc5 Rd5 1/2-1/2

[Event "Klaipeda"]
[Site "?"]
[Date "1988.??.??"]
[Round "?"]
[White "Dolmatov, S."]
[Black "Oll, L."]
[Result "0-1"]
[WhiteElo "2610"]
[BlackElo "2590"]
[PlyCount "99"]
[EventDate "1988.??.??"]
[Source "www.chesslib.no"]
[SourceDate "2004.05.04"]

1. e4 c5 2. Nf3 Nc6 3. d4 cxd4 4. Nxd4 Nf6 5. Nc3 d6 6. Bg5 e6 7. Qd2 Be7 8. O-O-O O-O 9. f4 Nxd4 10. Qxd4 Qa5 11. Bc4 Bd7 12. Rhe1 Bc6 13. Bb3 Rfd8 14. Qd3 h6 15. Bh4 Qh5 16. Bg3 Nd7 17. Qf1 Nc5 18. Bc4 Bf6 19. Be2 Qg6 20. e5 dxe5 21. Rxd8+ Rxd8 22. fxe5 Bg5+ 23. Kb1 Ne4 24. Nxe4 Bxe4 25. Bd1 Rxd1+ 26. Rxd1 Bxc2+ 27. Ka1 Bxd1 28. Qxd1 Qe4 29. Qf1 Qc2 30. a3 Be3 31. Qf3 Qc1+ 32. Ka2 Qc4+ 33. Ka1 Qc1+ 34. Ka2 b5 35. Qa8+ Kh7 36. Qe4+ g6 37. Qf3 Qc4+ 38. Ka1 Qc1+ 39. Ka2 Kg8 40. Qe2 Qc5 41. Qe1 Kg7 42. Kb1 h5 43. Qf1 Qd5 44. Qe2 Bd4 45. Bf4 Bxb2 46. Kxb2 Qd4+ 47. Kb3 Qa4+ 48. Kc3 Qxf4 49. Qxb5 Qxh2 50. g4 0-1

[Event "Mind Sports Games - Blitz Team"]
[Site "Pechino CINA"]
[Date "2008.10.13"]
[Round "2"]
[White "Fier, A."]
[Black "Balogh, C."]
[Result "0-1"]
[WhiteElo "2581"]
[BlackElo "2616"]
[PlyCount "71"]
[EventDate "2008.10.13"]
[Source "www.chesslib.no"]
[SourceDate "2004.05.04"]

1. e4 c5 2. Nf3 d6 3. d4 cxd4 4. Nxd4 Nf6 5. Nc3 Nc6 6. Bg5 e6 7. Qd2 Be7 8. O-O-O O-O 9. f4 Nxd4 10. Qxd4 Qa5 11. Kb1 h6 12. h4 e5 13. Qe3 exf4 14. Bxf4 Be6 15. a3 Rfd8 16. Be2 Rac8 17. Bf3 b5 18. Nd5 Bxd5 19. exd5 Re8 20. Qd2 Qb6 21. Rhe1 Nd7 22. Bg4 Qc7 23. g3 Bf6 24. c3 Rcd8 25. Bxd7 Qxd7 26. Qd3 a5 27. Rf1 b4 28. axb4 axb4 29. cxb4 Rb8 30. Bd2 Be5 31. Bc3 Qa4 32. Qc2 Qa6 33. Bxe5 Rxe5 34. Qc7 Ra8 35. Qc3 Re2 36. Kc1 0-1